| 000 | 00756nam a2200181 a 4500 | ||
|---|---|---|---|
| 001 | BRCA_2137 | ||
| 005 | 20190320203701.0 | ||
| 008 | 130808s1992----mx-#---###---#000-0#spa-# | ||
| 050 | 4 |
_aF1391.P8 _b.L43 83 _c1992 |
|
| 100 | 1 |
_aMorales, Luz Marina _96450 |
|
| 245 | 1 | 0 |
_aLa familia Furlong entre dos tiempos, el virreinato y el México independiente _bun acercamiento a la historia de la oligarquía poblana _cLuz Marina Morales. |
| 260 |
_aPuebla, México _bGobierno del Estado de Puebla : Secretaría de Cultura : Comisión Puebla V Centenario _c1992 |
||
| 300 |
_a16 p. _c21 cm. |
||
| 440 | 0 |
_aLecturas Históricas de Puebla _n83 _96451 |
|
| 651 | 4 |
_aPuebla (México) _xHistoria _9409 |
|
| 651 | 4 |
_aPuebla (México) _xCondiciones sociales _9393 |
|
| 942 |
_2lcc _cB |
||
| 999 |
_c1894 _d1894 |
||